Political thought in protugal and its empire, c. 1500-1800 (Record no. 1226910)

MARC details
000 -LEADER
fixed length control field 00763nam a2200229Ia 4500
005 - DATE AND TIME OF LATEST TRANSACTION
control field 20241129110007.0
008 - FIXED-LENGTH DATA ELEMENTS--GENERAL INFORMATION
fixed length control field 241129s9999||||xx |||||||||||||| ||und||
020 ## - INTERNATIONAL STANDARD BOOK NUMBER
International Standard Book Number 978-1-108-40690-1
037 ## - SOURCE OF ACQUISITION
Stock number TB
040 ## - CATALOGING SOURCE
Original cataloging agency ARTS
Language of cataloging eng
Transcribing agency ARTS
041 ## - LANGUAGE CODE
Language code of text/sound track or separate title eng
Source of code eng
084 ## - COLON CLASSIFICATION NUMBER
Classification number Wv R1
Assigning agency ARTS
100 ## - MAIN ENTRY--PERSONAL NAME
Personal name Cardim Pedro Ed.; Monteiro Nuno Goncalo Ed.
9 (RLIN) 726780
245 #0 - TITLE STATEMENT
Title Political thought in protugal and its empire, c. 1500-1800
Statement of responsibility, etc. Cardim Pedro Ed.; Monteiro Nuno Goncalo Ed.
260 ## - PUBLICATION, DISTRIBUTION, ETC.
Place of publication, distribution, etc. Cambridge, UK
Name of publisher, distributor, etc. Cambridge University Press
Date of publication, distribution, etc. 2023
300 ## - PHYSICAL DESCRIPTION
Extent xi,344p.
365 ## - TRADE PRICE
Price type code UKP
Price amount 22.99
490 ## - SERIES STATEMENT
Series statement Cambridge text in the history of political thought
650 ## - SUBJECT ADDED ENTRY--TOPICAL TERM
Topical term or geographic name entry element Political ScienceHistory
9 (RLIN) 726375
942 ## - ADDED ENTRY ELEMENTS (KOHA)
Koha item type Textbook
Classification part Wv R1
Holdings
Withdrawn status Lost status Damaged status Not for loan Home library Current library Date acquired Source of acquisition Cost, normal purchase price Inventory number Total Checkouts Full call number Barcode Date last seen Price effective from Koha item type
        Arts Library Arts Library 2024-11-29 Segment Book Distributors 22.99 67020 & 04/12/2023   Wv R1 AL1667943 2024-11-29 2024-11-29 Textbook
Copyright @ Delhi University Library System